| 000 | 01384nam a2200325 4500 | ||
|---|---|---|---|
| 003 | EC-UNACH | ||
| 005 | 20251016110325.0 | ||
| 006 | s||||gr|||| 00| 00 | ||
| 008 | 150116t9999 mx r gr 000 0 spa d | ||
| 020 | _a9978-9940-8 | ||
| 040 |
_aEC-UNACH _cEC-UNACH |
||
| 041 | _aspa | ||
| 082 | 0 | 4 |
_223 _a354.3 BUS L002916 _bL002916 |
| 110 | _aGobierno Autónomo descentralizado de la Provincia de Chimborazo | ||
| 245 | _aLos páramos de Chimborazo : Un estudio socioambiental para la toma de decisiones | ||
| 250 | _aPrimera edición | ||
| 264 |
_aEcuador _bEcoCiencia _c2011 |
||
| 300 |
_a151 páginas _bIlustraciones |
||
| 505 | _aContenido. -- 1. Antecedentes. -- 2. Introducción. -- 3. Métodos. -- 4. Caracterización de los páramos en la provincia de Chimborazo. -- 5. Áreas prioritarias para la conservación y el manejo de los páramos en la provincia de Chimborazo. -- 6. Recomendaciones para la conservación y el manejo sostenible de los páramos de Chimborazo. -- Bibliografía. -- Anexos. | ||
| 650 | _aNECROMASA DEL PÁRAMO | ||
| 650 | _aCOSTEO DEL ESCENARIO | ||
| 650 | _aRIQUEZA DE ESPECIES | ||
| 700 | _aBustamamante, Macarena | ||
| 700 | _aArgüello, María | ||
| 700 | _aMontserrat, Albán | ||
| 942 |
_c1 _2ddc |
||
| 999 | _c14013 | ||